教科教育の理論 = Theory of subject education
Na minha lista:
| Autor principal: | |
|---|---|
| Formato: | Livro |
| Idioma: | Undetermined |
| Publicado em: |
Japan
田中重弥
1956
|
| Assuntos: | |
| Tags: |
Adicionar Tag
Sem tags, seja o primeiro a adicionar uma tag!
|
| Thư viện lưu trữ: | Trung tâm Học liệu Trường Đại học Cần Thơ |
|---|
| LEADER | 00574nam a2200205Ia 4500 | ||
|---|---|---|---|
| 001 | CTU_239675 | ||
| 008 | 210402s9999 xx 000 0 und d | ||
| 082 | |a 370.952 | ||
| 082 | |b S555 | ||
| 100 | |a Shibata, Yoshimatsu | ||
| 245 | 0 | |a 教科教育の理論 = | |
| 245 | 0 | |b Theory of subject education | |
| 245 | 0 | |c Yoshimatsu Shibata (柴田義松) | |
| 260 | |a Japan | ||
| 260 | |b 田中重弥 | ||
| 260 | |c 1956 | ||
| 650 | |a Giáo dục,Education | ||
| 650 | |z Nhật Bản,Japan | ||
| 910 | |a Tuyến | ||
| 980 | |a Trung tâm Học liệu Trường Đại học Cần Thơ | ||